Ark: Survival Evolved Real Life Creatures - Statistics

General Stats
  • This quiz has been taken 213 times
  • The average score is 23 of 37
Answer Stats
Hint Answer % Correct
Wolf Dire Wolf
79%
Spider Araneo
78%
Bear Direbear
77%
Shark Megalodon
77%
Eagle Argentavis
76%
Dragonfly Meganeura
73%
Horse Equus
72%
Snail Achatina
69%
Pelican Pelagornis
69%
Snake Titanoboa
69%
Sheep Ovis
68%
Lion Sabertooth
68%
Elephant Mammoth
66%
Centipede Arthropleura
65%
Crocodile Kaprosuchus/Sarcosuchus
65%
Jellyfish Cnidaria
64%
Squid Tusoteuthis
64%
Rhino Woolly Rhino
64%
Penguin Kairuku
62%
Monkey Mesopithecus
60%
Scorpion Pulmonoscorpius
60%
Ape Gigantopithecus
56%
Deer Megaloceros
56%
Salmon Sabertooth salmon
56%
Kangaroo Procoptodon
55%
Sloth Megatherium
54%
Bat Onyc
54%
Turtle Carbonemys
53%
Duck Hesperornis
53%
Seagull Ichthyornis
53%
Ant Titanomyrma
53%
Beaver Castoroides
49%
Lizard Megalania
49%
Toad Beelzebufo
46%
Hyena Hyaenodon
46%
Electric Eel Electrophorus
42%
Whale Basilosaurus
41%
No matching quizzes found
Score Distribution
Percent of People with Each Score
Percentile by Number Answered
Your Score History
You have not taken this quiz